| 000 | 00980nam a22002537a 4500 | ||
|---|---|---|---|
| 005 | 20170124103024.0 | ||
| 010 | _aA-270635 | ||
| 020 | _c25.00 | ||
| 035 | _aA-270635 | ||
| 037 | _bCen Lib/Ret | ||
| 040 |
_aDPL _bHN |
||
| 082 |
_aउ _bशर्माया |
||
| 100 |
_aशर्मा, यादवेन्द्र _99690 |
||
| 245 |
_aचाँदा सेठानी / _cयादवेन्द्र शर्मा |
||
| 246 |
_aChanda sethani / _bby Yadvendra Sharma |
||
| 260 |
_aदिल्ली _bकिताब घर _c1985 |
||
| 270 |
_aमेन रोड, गांधी नगर _bदिल्ली _e110031 |
||
| 300 |
_a138पृ. _c17सेमी (सजिल्द) |
||
| 650 |
_aहिन्दी -- साहित्य _961529 |
||
| 650 |
_aहिन्दी -- उपन्यास _961530 |
||
| 650 |
_aHindi -- Literature _961531 |
||
| 650 |
_aHindi -- Fiction _927248 |
||
| 942 |
_2ddc _cHN _hउ _mशर्माया |
||
| 999 |
_c115460 _d115460 |
||